| 000 | 00793nam a2200217 i 4500 | ||
|---|---|---|---|
| 001 | 112775 | ||
| 003 | ES-MaACL | ||
| 005 | 20250816063138.0 | ||
| 008 | 061121s1920 sp |||| | spa d | ||
| 100 | 1 |
_aNóvoa Santos, Roberto, _d1885-1933 _986096 |
|
| 245 | 1 | 3 |
_aEl problema del mundo interior / _cR. Nóvoa Santos. |
| 260 |
_a[S.l. : _bs.n.], _c1920 ( _fTip. de "El Eco de Santiago") |
||
| 300 |
_a49 p. ; _c18 x 12 cm. |
||
| 504 | _aReferencias bibliográficas. | ||
| 530 | _aDisponible en formato digital. | ||
| 650 | 4 |
_aConciencia. _911241 |
|
| 852 |
_aES-MaACL _j1789-F-3 _9 117035 _cDEPOF _zRevisado enlace: 08 de Abril de 2025 |
||
| 856 |
_uhttp://bdh-rd.bne.es/viewer.vm?id=0000256539&page=1 _yBiblioteca Digital Hispánica |
||
| 942 | _2udc | ||
| 999 |
_c112775 _d112775 |
||